SCA PREPOSITIONS QUIZ - Statistics

General Stats
  • This quiz has been taken 6,439 times
  • The average score is 30 of 54
Answer Stats
Number Answer % Correct
28 in
89%
3 above
79%
35 on
75%
37 out
75%
45 to
74%
2 about
72%
11 at
72%
30 inside
70%
33 of
68%
47 under
68%
52 with
67%
15 below
66%
4 across
65%
29 into
65%
38 outside
63%
10 around
62%
14 behind
61%
17 beside
61%
21 by
61%
50 up
61%
5 after
60%
23 down
60%
26 for
60%
13 before
59%
34 off
58%
7 along
57%
53 within
57%
18 between
56%
54 without
56%
9 among
55%
27 from
55%
1 aboard
54%
6 against
52%
16 beneath
52%
36 onto
51%
43 through
51%
39 over
50%
8 amid
49%
12 atop
45%
48 underneath
45%
32 near
43%
19 beyond
42%
22 concerning
39%
31 like
39%
44 throughout
39%
20 but
38%
24 during
37%
46 toward
36%
51 upon
36%
42 since
35%
49 until
35%
25 except
29%
40 past
28%
41 regarding
26%
No matching quizzes found
Score Distribution
Percent of People with Each Score
Percentile by Number Answered
Your Score History
You have not taken this quiz